Statistics for UK cities by street names

Click here to take the quiz!

General Stats

  • This quiz has been taken 70 times
  • The average score is 7 of 10

Answer Stats

HintAnswer% Correct
Petticoat LaneLondon
90%
Princes StreetEdinburgh
89%
Canal StreetManchester
84%
Royal CrescentBath
80%
Sauchiehall StreetGlasgow
79%
New StreetBirmingham
77%
Falls RoadBelfast
66%
Bigg MarketNewcastle
54%
Mathew StreetLiverpool
51%
Caroline StreetCardiff
36%

Score Distribution

Percentile by Number Answered

Percent of People with Each Score

Your Score History

You have not taken this quiz